| 000 | 00807nam a2200217 i 4500 | ||
|---|---|---|---|
| 001 | 144996 | ||
| 003 | ES-MaACL | ||
| 005 | 20250916201055.0 | ||
| 007 | t| | ||
| 008 | 070214s1967 sp r ||||1| spa d | ||
| 100 | 1 |
_aSmulders, Pierre. _9106946 |
|
| 245 | 1 | 3 |
_aLa visión de Teilhard de Chardin _b: problemas teológicos de actualidad / _cPierre Smulders, S. J. ; [versión castellana de Fernando Alcorta]. |
| 260 |
_aBilbao : _bDesclée de Brouwer, _c1967 ( _fGráf. Bilbao) |
||
| 300 |
_a331 p. ; _c22 cm. |
||
| 490 | 1 |
_aColección "Veritas et Justitia" ; _v23 |
|
| 600 | 1 | 4 |
_aTeilhard de Chardin, Pierre, _d1881-1955 _9109521 |
| 700 | 1 |
_aAlcorta, Fernando. _919579 |
|
| 830 | 0 |
_aColección "Veritas et Justitia" ; _v23 _9184576 |
|
| 852 |
_aES-MaACL _jC-33059 _bR.62942 |
||
| 999 |
_c144996 _d144996 |
||